Statistiken für Alle Pokémon der 1. Generation (1 - 151)

Klicken Sie hier um das Quiz zu spielen!

Allgemein

  • Dieses Quiz wurde 54 mal gespielt
  • Das Durchschnittsergebnis liegt bei 103 aus 151

Antwortstatistiken

#1 - #151% Korrekt
Glurak
100%
Bisaflor
97%
Bisaknosp
97%
Bisasam
97%
Glumanda
97%
Pikachu
97%
Raichu
97%
Schiggy
97%
Taubsi
97%
Turtok
97%
Glutexo
95%
Tauboss
95%
Mew
92%
Rattfratz
92%
Rattikarl
92%
Schillok
92%
Tauboga
92%
Karpador
89%
Raupy
89%
Georok
86%
Mewtu
86%
Onix
86%
Abra
84%
Geowaz
84%
Kadabra
84%
Kleinstein
84%
Simsala
84%
Smettbo
84%
Arktos
81%
Dragoran
81%
Dratini
81%
Garados
81%
Habitak
81%
Ibitak
81%
Lavados
81%
Mauzi
81%
Nidoking
81%
Nidoqueen
81%
Safcon
81%
Zapdos
81%
Dragonir
78%
Hornliu
78%
Knofensa
78%
Knuddeluff
78%
Nidorino
78%
Pummeluff
78%
Smogmog
78%
Aquana
76%
Bibor
76%
Evoli
76%
Flamara
76%
Gengar
76%
Nebulak
76%
Nidorina
76%
Smogon
76%
Ultrigaria
76%
Voltobal
76%
Arbok
73%
Blitza
73%
Digda
73%
Digdri
73%
Magnetilo
73%
Rettan
73%
Duflor
70%
Giflor
70%
Goldini
70%
Kokuna
70%
Lektrobal
70%
Magneton
70%
Relaxo
70%
Sarzenia
70%
Snobilikat
70%
Sterndu
70%
Alpollo
68%
Lapras
68%
Sandamer
68%
Sandan
68%
Zubat
68%
Arkani
65%
Fukano
65%
Machollo
65%
Magmar
65%
Maschock
65%
Myrapla
65%
Piepi
65%
Vulnona
65%
Vulpix
65%
Aerodactyl
62%
Amonitas
62%
Elektek
62%
Galoppa
62%
Golbat
62%
Golking
62%
Kicklee
62%
Porenta
62%
Sichlor
62%
Sleima
62%
Sleimok
62%
Starmie
62%
Enton
59%
Flegmon
59%
Kabuto
59%
Machomei
59%
Paras
59%
Ponita
59%
Rihorn
59%
Tauros
59%
Bluzuk
57%
Chaneira
57%
Jugong
57%
Jurob
57%
Kabutops
57%
Rizeros
57%
Tentacha
57%
Tentoxa
57%
Amoroso
54%
Ditto
54%
Hypno
54%
Lahmus
54%
Nockchan
54%
Parasek
54%
Pixie
54%
Porygon
54%
Traumato
54%
Dodri
51%
Dodu
51%
Entoron
51%
Menki
51%
Muschas
51%
Pantimos
51%
Austos
49%
Omot
49%
Quappo
49%
Quaputzi
49%
Rossana
49%
Tragosso
49%
Quapsel
46%
Rasaff
46%
Schlurp
46%
Knogga
43%
Pinsir
43%
Seeper
43%
Tangela
43%
Kingler
41%
Krabby
41%
Kokowei
38%
Owei
38%
Seemon
38%
Kangama
35%
Nidoran ♂
35%
Nidoran ♀
35%

Verteilung der Resultate

Perzentil nach korrekt beantworteten Fragen

Anzahl Personen mit jedem Resultat

Ihre Resultats-Entwicklung

Sie haben dieses Quiz noch nicht gespielt